Cine: toda la historia
Saved in:
| Hovedforfatter: | |
|---|---|
| Format: | Bog |
| Sprog: | spansk |
| Udgivet: |
Santiago
Contrapunto
2012
|
| Udgivelse: | 1a. ed |
| Fag: | |
| Tags: |
Tilføj Tag
Ingen Tags, Vær først til at tagge denne postø!
|
MARC
| LEADER | 00000cam a2200000 a 4500 | ||
|---|---|---|---|
| 001 | UCC1660 | ||
| 003 | CL-VaPUC | ||
| 008 | 171117e20120000cl |||||||||||||||||spa|d | ||
| 020 | |a 9789562571180 | ||
| 082 | 0 | 4 | |a 791.43 |b KEM |2 21 |
| 100 | |a Kemp, Philip |e author |9 595701 | ||
| 245 | 1 | 0 | |a Cine: toda la historia |
| 250 | |a 1a. ed | ||
| 300 | |a 576 p | ||
| 942 | |c BK | ||
| 945 | |d 20171117 16:06:00 |a dcastane | ||
| 260 | |a Santiago |b Contrapunto |c 2012 | ||
| 650 | 0 | |a Historia del cine |9 265166 | |
| 650 | 7 | |a PELICULAS CINEMATOGRAFICAS |2 CL-VaPUC |9 595702 | |
| 650 | 0 | |a Directores de cine |9 368705 | |
| 583 | |a last modification |c 20171117 16:06:00 |k Rodrigo Vera | ||
| 999 | |c 370059 |d 370057 | ||
| 952 | |0 0 |1 0 |3 erb |4 0 |6 791_430000000000000_KEM_2012 |7 0 |8 A |9 486349 |a BIBHIS |b BIBHIS |i 5437202 |l 2 |m 14 |o 791.43 KEM 2012 |p 5437202 |q 2025-07-11 |r 2023-12-04 |s 2023-12-04 |w 2019-11-24 |y BK |z Catalogado en:20171117 |k HIS | ||